El príncipe: el manga

Zapisane w:
Opis bibliograficzny
1. autor: Maquiavelo, Nicolás (autor)
Format: Książka
Język:hiszpański
Wydane: Barcelona Herder 2012
Wydanie:1a. ed
Hasła przedmiotowe:
Etykiety: Dodaj etykietę
Nie ma etykietki, Dołącz pierwszą etykiete!

MARC

LEADER 00000cam a2200000 a 4500
001 UCE9324
003 CL-VaPUC
008 151016e20120000sp |||||||||||||||||spa|d
020 |a 9788425428661 
082 0 4 |a 320.01  |b MAQ  |2 21 
100 |a Maquiavelo, Nicolás  |e autor  |9 498654 
245 1 3 |a El príncipe: el manga 
250 |a 1a. ed 
300 |a pág. irreg 
942 |c BK 
945 |d 20151016 11:50:00  |a dcastane 
260 |a Barcelona  |b Herder  |c 2012 
650 0 |a Ciencias Políticas  |9 255201 
650 0 |a Etica política   |9 255799 
650 0 |a Cómics  |9 369534 
583 |a last modification  |c 20151016 11:50:00  |k Rodrigo Vera 
999 |c 360993  |d 360991